000 00657nam a22002177a 4500
020 _a9789502324616
080 _a342.72/ 73 Sc 65
100 _aScioscioli
_dSebastiàn
245 _aLa Educaciòn Bàsica como Derecho Fundamental
_bimplicancias y alcances en el contexto de un Estado Federal
260 _aCiudad Autonoma de Buenos Aires
_bEudeba
_c2015
300 _a268 P.
_c23 X 16 Cm.
490 _aTesis
650 _xderechos humanos
650 _xlibertad de enseñar
650 _xlibertad de aprender
650 _xley 1420
650 _xley 26061
650 _xderechos de incidencia colectiva
945 _acd
_d2015-09-17
999 _c4162
_d234666
942 _6_